Metodologie marketingových výzkumů
Gespeichert in:
| 1. Verfasser: | |
|---|---|
| Weitere Verfasser: | , |
| Format: | Buch |
| Sprache: | Tschechisch |
| Veröffentlicht: |
Praha
Vysoká škola finanční a správní
2014
|
| Schriftenreihe: | Eupress
|
| Schlagworte: | |
| Tags: |
Keine Tags, Fügen Sie das erste Tag hinzu!
|
MARC
| LEADER | 00000nam a2200000 4500 | ||
|---|---|---|---|
| 001 | 0199163 | ||
| 005 | 20240313090059.3 | ||
| 020 | |a 978-80-7408-092-0 | ||
| 041 | 0 | |a cze | |
| 044 | |a CZ | ||
| 245 | 1 | 0 | |a Metodologie marketingových výzkumů |c Ondřej Roubal, Iva Petrová, František Zich |
| 264 | 1 | |a Praha |b Vysoká škola finanční a správní |c 2014 | |
| 300 | |a 142 s. | ||
| 490 | 1 | |a Eupress | |
| 830 | 0 | |a Eupress | |
| 610 | 2 | 0 | |a marketing |
| 610 | 2 | 0 | |a výskum marketingový |
| 610 | 2 | 0 | |a metodológia |
| 610 | 2 | 0 | |a koncepcie |
| 610 | 2 | 0 | |a veda |
| 610 | 2 | 0 | |a výskum sociologický |
| 610 | 2 | 0 | |a zákazníci |
| 610 | 2 | 0 | |a paradigma |
| 610 | 2 | 0 | |a dotazníky |
| 610 | 2 | 0 | |a spracovanie dát |
| 610 | 2 | 0 | |a práce kvalifikačné |
| 610 | 2 | 0 | |a hypotézy |
| 100 | 1 | |a Roubal, Ondřej | |
| 700 | 1 | |a Petrová, Iva | |
| 700 | 1 | |a Zich, František | |